| 000 | 01390nac a22004577a 4500 | ||
|---|---|---|---|
| 001 | BR7905792 | ||
| 003 | BR-BrBNA | ||
| 005 | 20240105114506.0 | ||
| 008 | 230509b bl.|||m| |||| 00| 0 por d | ||
| 040 |
_aBR-BrBNA _bpor _cBiblioteca Nacional de Agricultura |
||
| 072 | _aH10 | ||
| 090 | _a0430 BR7905792 | ||
| 100 | 1 | _aBleicher, E. | |
| 100 | 1 | _aSilva, A.L. da | |
| 100 | 1 | _aCalcagnolo, G. | |
| 100 | 1 | _aNakano, O. | |
| 100 | 1 | _aFreire, E.C. | |
| 100 | 1 | _aSantos, W.J. dos | |
| 100 | 1 | _aFerreira, L. | |
| 100 | 1 | _aJin, T. | |
| 110 | 1 |
_aCentro Nacional de Pesquisa do Algodao, Campina Grande, PB (Brasil) _91702 |
|
| 245 | 1 | _aSistema de controle das pragas do algodoeiro para a regiao centro-sul do Brasil [Gossypium hirsutum; Broca; Trips; Pulgao; Curuquere; Acaro; Lagarta; Percevejo; Defensivo] | |
| 260 | 3 |
_aCampina Grande, PB (Brasil): _c1979. |
|
| 300 | _a21 p. | ||
| 490 |
_aCircular Tecnica - Centro Nacional de Pesquisa do Algodao (Brazil) _vno. 2 _x |
||
| 500 | _a10 tables | ||
| 650 | _aPraga de planta | ||
| 650 | _aAlgodao | ||
| 650 | _aBroca | ||
| 650 | _aTrips | ||
| 650 | _aPulgao | ||
| 650 | _aCuruquere | ||
| 650 | _aAcaro | ||
| 650 | _aLagarta | ||
| 650 | _aPercevejo | ||
| 650 | _aDefensivo | ||
| 650 | _aControle quimico | ||
| 650 | _aCentro-Sul | ||
| 909 |
_a202312 _bLúcia Elande _c55 _dLúcia Elande |
||
| 942 |
_2AGRIS _n0 _cMS |
||
| 999 |
_c269656 _d269656 |
||